| 000 | 01895nam0a2200397 i 4500 | ||
|---|---|---|---|
| 001 | RU\NLR\BIBL_A\010010303 | ||
| 005 | 20240921204326.0 | ||
| 010 |
_a9785160038148 _9600 |
||
| 021 |
_aRU _b2013-85205 _95899 |
||
| 035 | _a(NILC)RuMoRGB-006684257 | ||
| 035 | _a(NLR Aleph) 010010303 | ||
| 090 |
_a9850498 _c9850498 |
||
| 100 | _a20131204d20142013u y0rusy50 ca | ||
| 101 | 0 |
_arus _aeng |
|
| 102 | _aRU | ||
| 105 | _aa|||||||||||| | ||
| 200 | 1 |
_aИнформационный менеджмент _eучебник _f[Абдикеев Нияз Мустякимович, Бондаренко Владимир Иванович, Киселев Андрей Дмитриевич и др.] _gпод науч. ред. Н. М. Абдикеева |
|
| 210 |
_aМосква _cИНФРА-М _d2014 [т. е. 2013] |
||
| 215 |
_a399, [1] с. _cил. _d22 |
||
| 225 | 1 | _aСерия учебников для программы МВА (Master of Business Administration) | |
| 300 | _aАвт. указаны на 3-й с. | ||
| 300 | _aНа обороте тит. л. в макете загл. сер.: Учебники для программы MBA | ||
| 300 | _aТекст рус., англ. | ||
| 320 | _aБиблиогр. в конце гл. | ||
| 606 | 1 |
_aМенеджмент информационный _jУчебники для высших учебных заведений _92154044 _3RU\NLR\AUTH\661296914 |
|
| 610 | 0 | _aинформационные технологии | |
| 675 | _a004:005.1(075.8) | ||
| 686 | 1 | _aУ21(0)030.2я73 | |
| 701 | 1 |
_aАбдикеев _bН. М. _gНияз Мустякимович |
|
| 701 | 1 |
_aБондаренко _bВ. И. _gВладимир Иванович |
|
| 701 | 1 |
_aКиселев _bА. Д. _gАндрей Дмитриевич |
|
| 801 | 0 |
_aRU _bRuMoRKP _c20131021 _gRCR |
|
| 801 | 2 |
_aRU _bРГБ _c20131106 _grcr |
|
| 942 | _cBOOK | ||
| 980 | _aNBR | ||